000 00503nam a2200181Ia 4500
005 20250326141756.0
008 250326s9999 xx 000 0 und d
037 _aTextbook
040 _aFMSL
_beng
_cFMSL
041 _aeng
_2eng
084 _qFMSL
100 _aMonger R F
_9745050
245 0 _aMastering technology: A management frame work for getting results
_cMonger R F
260 _aNew York
_bNew York, Free Press
_c1988
300 _a320p
942 _cTB
999 _c1291912
_d1291912